banner-ar

هندسة لحام المعادن WELDING OF METALS / (Record no. 38583)

MARC details
000 -الفاتح
حقل البيانات ثابتة الطول 00688nam a2200205Ia 4500
008 - عناصر البيانات ثابتة الطول - معلومات عامة
حقل البيانات ثابتة الطول 140319s9999 xx 000 0 ara d
040 ## - مصدر الفهرسة
وكالة الفهرسة الأصلية GCL /
وكالة النسخ GCL
082 04 - رقم تصنيف ديوى العشرى
رقم التصنيف 671.5
رقم المادة ا هـ
100 1# - المدخل الرئيسى - إسم شخصى
الإسم الشخصى احمد سالم الصباغ
245 10 - بيان العنوان
العنوان هندسة لحام المعادن WELDING OF METALS /
بيان المسئوليه,etc احمد سالم الصباغ
260 ## - PUBLICATION, DISTRIBUTION, ETC. (IMPRINT)
تاريخ النشر أو التوزيع 1987
300 ## - الوصف المادى
التعداد 477 ص
490 ## - بيان السلسلة
عنوان السلسلة سلسلة المواد الهندسية وتشكيلها
رقم المجلد/ التعيين التسلسلي 0
650 04 - المدخل الاضافى بالموضوع-مصطلح موضوعى
مصطلح موضوعي اللحام
650 04 - المدخل الاضافى بالموضوع-مصطلح موضوعى
مصطلح موضوعي لحام المعادن
650 04 - المدخل الاضافى بالموضوع-مصطلح موضوعى
مصطلح موضوعي اللحام بالكهرباء
650 04 - المدخل الاضافى بالموضوع-مصطلح موضوعى
مصطلح موضوعي الهندسة - لحام المعادن
942 ## - عناصر المدخل الإضافي( كوها)
مصدر التصنيف او مخطط الترفيف Dewey Decimal Classification
Koha [default] item type كتاب
260 ## - PUBLICATION, DISTRIBUTION, ETC. (IMPRINT)
-- [S.N] :
-- دار الشروق ،
Holdings
حالة التراجع حالة الفقد حالة تلف ليس للاعارة المكان المؤقت الموقع الحالى تاريخ الاكتساب اجمالي اﻻعارات رقم الطلب الباركود تاريخ اخر مشاهدة تاريخ تفعيل السعر نوع وعاء كوها
        مكتبة القاهرة الكبرى مكتبة القاهرة الكبرى 03/26/2014   671.5\ا هـ 93946 03/26/2014 03/26/2014 كتاب
        مكتبة القاهرة الكبرى مكتبة القاهرة الكبرى 03/26/2014   671.5\ا هـ 93947 03/26/2014 03/26/2014 كتاب
        مكتبة القاهرة الكبرى مكتبة القاهرة الكبرى 03/26/2014   671.5\ا هـ 93948 03/26/2014 03/26/2014 كتاب

Powered By

EGPV